[Event "77th LOTTO POL-ch 2020"]
[Site "Warsaw"]
[Date "2020.07.24"]
[Round "2.3"]
[White "Tomczak, Jacek"]
[Black "Sadzikowski, Daniel"]
[Result "0-1"]
[WhiteElo "2563"]
[BlackElo "2374"]
[Annotator "TA"]
[PlyCount "88"]
[EventDate "2020.07.21"]
[EventType "k.o."]
[EventCountry "POL"]
[SourceTitle "playchess.com"]
[Source "ChessBase"]
[SourceQuality "1"]

{[%evp 15,88,0,15,6,8,7,2,-5,0,-21,0,-3,0,-20,24,0,25,0,0,0,8,4,55,58,49,43,93,0,160,153,150,146,156,133,153,153,146,139,159,99,112,76,79,72,125,107,177,168,168,140,135,136,135,137,130,-157,-152,-157,-87,-455,-425,-435,-439,-438,-431,-390,-371,-12845,-12845,-29996,-29997,-29997,-29998,-29998,-29999]} 1. e4 e5 2. Bc4 Nf6 3. d4 exd4 4. Nf3 Nc6 5. e5 d5 6. Bb5 Nd7 7. O-O Be7 8. Bxc6 bxc6 9. Nxd4 {C56: Two Knights: 4 d4 exd4 5 0-0 Nxe4.} Nb8 10. Qf3 O-O 11. Nc3 {The position is equal.} Re8 12. Bf4 Bd7 {[#]} 13. Rfe1 $146 ({Predecessor:} 13. h3 Na6 14. Nb3 Nc5 15. Nxc5 Bxc5 16. Rad1 Bb6 17. Na4 Bf5 18. Rd2 Qe7 19. b3 {0-1 (28) Heilmann,M (2497)-Barbalic,Z (1977) ICCF email 2017}) 13... Na6 14. Rad1 Nc5 15. Bc1 Qc8 16. h3 a5 17. Qg3 Bf8 (17... a4 {keeps more tension.} 18. f4 Nb7 19. Nf3 Bb4 20. Bd2 Ba5) 18. f4 Ra6 (18... a4 $11) 19. Qf3 $14 Ne6 {With the idea ...Nxd4.} 20. Nde2 Nc5 21. g4 {[#]} (21. Ng3 $16) 21... Ne4 $2 (21... h5 $1 $11 {[%mdl 512]}) 22. Nxe4 $16 dxe4 23. Qxe4 c5 24. f5 Bd6 25. Bf4 Bc6 26. Qe3 Rb6 27. Qg3 (27. Ng3 $142) 27... Bf8 28. b3 c4 29. Nd4 Bc5 (29... Bd5 $142) 30. Kh2 ({Reject} 30. bxc4 $6 Rb2 $11) 30... Ba8 (30... cxb3 $16 31. cxb3 (31. axb3 Ba8 $16) 31... Bd7) 31. e6 $18 {Strongly threatening exf7+.} ({Much less strong is} 31. bxc4 $6 Rb2 $16) 31... Bxd4 32. exf7+ Kxf7 {...c5 is the strong threat.} 33. Rxd4 cxb3 34. axb3 {And now Rxe8 would win.} Rb4 35. Be5 $2 {[%mdl 8192]} (35. c4 $16 {keeps the pressure on.}) 35... Rxd4 $1 $17 36. Bxd4 {[#] Threatens to win with Rxe8.} Qb7 $1 $40 {[%mdl 128] ( -> ...Re2+!). Black attacks with force.} 37. Rd1 $2 {[%mdl 8192] [#] White does not recover from this.} (37. Rg1 $17) 37... Rd8 $1 $19 {[%cal Rd8d4] White must now prevent ...Rxd4!} 38. Qf2 {[#]} c5 $1 {[%mdl 512]} 39. f6 (39. Bxc5 Rxd1) 39... cxd4 40. fxg7+ Kxg7 41. Rxd4 $2 (41. Kg3) 41... Rf8 42. Qd2 Qh1+ {Black mates.} 43. Kg3 Rf3+ 44. Kh4 Qxh3+ {Accuracy: White = 59%, Black = 81%.} 0-1

[Event "77th LOTTO POL-ch 2020"]
[Site "Warsaw"]
[Date "2020.07.24"]
[Round "2.3"]
[White "Piorun, Kacper"]
[Black "Krasenkow, Michal"]
[Result "1-0"]
[WhiteElo "2539"]
[BlackElo "2521"]
[Annotator "TA"]
[PlyCount "75"]
[EventDate "2020.07.21"]
[EventType "k.o."]
[EventCountry "POL"]
[SourceTitle "playchess.com"]
[Source "ChessBase"]
[SourceQuality "1"]

{[%evp 9,75,0,5,0,64,64,64,68,58,55,60,63,62,61,79,82,88,68,62,66,121,119,119,113,119,121,112,108,113,107,118,116,159,154,166,100,137,146,158,150,172,171,193,185,176,178,186,177,182,164,1133,1112,1148,1148,1125,1129,1460,1435,1361,1283,2687,2598,2301,1537,29969,29970,29980,29965]} 1. e4 e5 2. Bc4 Nf6 3. Nc3 Nc6 4. d3 Na5 5. Qf3 Bb4 6. Nge2 {C28: Vienna Game: 2...Nf6 3 Bc4 Nc6.} c6 (6... Nxc4 $11 7. dxc4 d6) 7. a3 $14 Bxc3+ 8. Nxc3 {White is slightly better.} Nxc4 9. dxc4 d6 10. b3 Be6 {[#]} 11. a4 $146 ({Predecessor:} 11. O-O Qe7 12. a4 Nd7 13. Ba3 a5 14. Qg3 f6 15. f4 Nc5 16. Rad1 Rd8 17. Bxc5 exf4 18. Qxf4 dxc5 19. Rxd8+ Qxd8 {1-0 (34) Sanchez,S (2385)-Romero Barreto,J (2217) Ocana 2017}) 11... O-O 12. Bg5 h6 13. Bh4 g5 14. Bg3 Ne8 (14... Kh7 $14) 15. O-O-O $16 Qe7 16. h4 g4 17. Qe3 Kh7 18. f4 gxf3 19. gxf3 (19. Qxf3 $6 Nf6 $11) 19... Rg8 20. f4 Nf6 21. f5 ({Of course not} 21. fxe5 $6 Ng4 $11) 21... Bd7 22. Rd3 (22. Kb2 $18) 22... Rg4 23. Rhd1 Rag8 {[#]} 24. Be1 $1 ({Wrong is} 24. Rxd6 $2 Rxg3 25. Qe1 Be8 $19) 24... d5 25. cxd5 cxd5 26. Nxd5 Nxd5 ({But not} 26... Qa3+ $2 {[#]} 27. Kb1 $1 $18 {[%mdl 512]}) 27. Rxd5 Bc6 28. Rd6 $40 {[%csl Gd6][%cal Re3h6][%mdl 128] Black is in trouble.} f6 29. Qxa7 {Rxc6! is the strong threat.} Qg7 $2 {[#]} (29... R8g7) 30. Rxc6 $1 $18 bxc6 31. Rd7 Rxe4 32. Bd2 Rd4 33. Rxg7+ Rxg7 34. Qb6 Rxh4 35. Qxc6 Rh2 36. Bb4 h5 37. Qxf6 h4 38. Bc3 {Accuracy: White = 94%, Black = 59%.} 1-0

[Event "77th LOTTO POL-ch 2020"]
[Site "Warsaw"]
[Date "2020.07.24"]
[Round "2.3"]
[White "Dziuba, Marcin"]
[Black "Gajewski, Grzegorz"]
[Result "0-1"]
[WhiteElo "2486"]
[BlackElo "2515"]
[Annotator "TA"]
[PlyCount "112"]
[EventDate "2020.07.21"]
[EventType "k.o."]
[EventCountry "POL"]
[SourceTitle "playchess.com"]
[Source "ChessBase"]
[SourceQuality "1"]

{[%evp 10,112,-4,-3,9,0,1,9,17,19,0,0,0,0,0,0,-6,-1,-8,-25,-18,-25,0,-3,18,6,2,16,45,10,62,58,68,48,98,79,529,538,1716,57,27,-132,0,-127,-130,-131,-123,-135,-141,-139,-122,-160,-167,-230,-150,-263,-168,-300,-295,-273,-230,-310,-310,-325,-316,-330,-320,-308,-320,-308,-313,-302,-275,-335,-339,-338,-336,-336,-331,-352,-325,-356,-347,-345,-297,-297,0,-319,-226,-312,-279,-367,-370,-417,-400,-591,-587,-572,-562,-1426,-1397,-1671,-1596,-1546,-1526]} 1. d4 Nf6 2. c4 e6 3. Nc3 Bb4 4. e3 O-O 5. Bd2 d5 6. Nf3 Re8 {E51: Nimzo-Indian: Rubinstein: 4...0-0 5 Nf3 d5.} 7. Bd3 c5 8. O-O cxd4 {The position is equal.} 9. exd4 dxc4 10. Bxc4 {[#]} a6 $146 ({Predecessor:} 10... Nbd7 11. Qb3 Bd6 12. Rfe1 Nb6 13. Bb5 Bd7 14. a4 Bc6 15. Bxc6 bxc6 16. Bg5 Rb8 {0-1 (50) Zhai,M (2355)-Zhao,X (2510) Wuxi 2016}) 11. a3 Be7 12. Rc1 b5 13. Ba2 Bb7 14. Bg5 Nbd7 15. Re1 Nb6 16. Ne5 Nfd5 17. Bxe7 Qxe7 18. Ne4 Rad8 19. Qd2 h6 ({Black should try} 19... Nd7 $11) 20. Nc5 $14 Rc8 21. Bb1 Nf6 22. Rc3 Red8 $2 {[%mdl 8192]} (22... Nc4 $16 {is more resistant.} 23. Nxc4 bxc4) 23. Rg3 $18 {[#] Strongly threatening Qxh6.} Nh5 24. Qc2 $2 (24. Qxh6 $18 {White wants to mate with Qh7+.} Qf6 25. Qxh5 Rxc5 26. dxc5) 24... f5 $14 25. Ng6 $2 ({Better is} 25. Rc3 $11 Nf4 26. Ba2) 25... Qf7 (25... Qf6 $17 26. Rc3 Rxc5 27. dxc5 Qxg6) 26. Rc3 (26. Ba2 $11 {keeps the balance.} Be4 27. Bxe6 Qxe6 28. Nxe6 Rxc2 29. Nxd8 Nxg3 30. hxg3) 26... Rxc5 $1 $17 (26... Qxg6 27. Nxb7 Rxc3 28. Qxc3 $16) 27. dxc5 {Ne5 is the strong threat.} Qxg6 $40 {[%csl Gb7][%cal Rg6g2][%mdl 128] Black has strong attack.} 28. c6 Bc8 29. Ba2 Nf4 {[%csl Gf4][%cal Rg6g2]} 30. Rg3 Qf6 31. c7 (31. Rc3 $142) 31... Rd6 32. h4 (32. Rc3 $17) 32... Kf8 33. Rd1 (33. Rge3 {might work better.} Nfd5 34. Bxd5 Nxd5 35. Qc5) 33... Rxd1+ $19 34. Qxd1 Nbd5 (34... Qxb2 35. Qd6+ Ke8 36. Qxf4 $18) 35. Bxd5 Nxd5 ({Weaker is} 35... exd5 36. Qd2 $17) 36. Qc2 Qxh4 37. Qc6 Qe7 38. Rd3 Qd7 39. Qc5+ Kf7 40. Rd2 Bb7 41. Rc2 {[#]} Ne7 $1 42. Kh2 Qd5 43. Qxd5 exd5 ({And not} 43... Bxd5 44. c8=Q $16) 44. Re2 Ke8 45. Kg3 Kd7 46. Kf4 Nc6 47. Rd2 Ne7 $2 ({Much less strong is} 47... Kxc7 48. Kxf5 Kd6 49. Kg6 $19) (47... Kd6 $19 {White must now prevent ...Ne7.} 48. Kxf5 Ne7+ 49. Kf4 Kxc7) 48. Rc2 $2 {[%mdl 8192]} (48. Re2 $1 $11 {and White stays safe.} Kd6 49. Kg3) 48... Bc6 49. Ke5 Kxc7 50. Ke6 Nc8 51. Kxf5 Kd6 52. Kg6 (52. Rd2 $142 Ne7+ 53. Kf4) 52... d4 {And now ...Be4+ would win.Black is clearly winning.} 53. Kxg7 Nb6 54. g4 Nc4 55. b3 d3 56. Rc3 Nb2 {What a bad dream for White. Accuracy: White = 49%, Black = 66%.} 0-1

[Event "77th LOTTO POL-ch 2020"]
[Site "Warsaw"]
[Date "2020.07.24"]
[Round "2.4"]
[White "Krasenkow, Michal"]
[Black "Piorun, Kacper"]
[Result "0-1"]
[WhiteElo "2521"]
[BlackElo "2539"]
[Annotator "TA"]
[PlyCount "78"]
[EventDate "2020.07.21"]
[EventType "k.o."]
[EventCountry "POL"]
[SourceTitle "playchess.com"]
[Source "ChessBase"]
[SourceQuality "1"]

{[%evp 11,78,16,14,14,15,15,15,7,7,7,14,-6,33,17,38,0,0,-21,-8,0,6,10,0,0,0,0,10,-25,-17,-41,-27,-83,-96,-98,-87,-85,-102,-91,-99,-105,-58,-69,-51,-114,-28,-80,-64,-92,-56,-58,-53,-54,-49,-275,-272,-287,-133,-291,-286,-437,-319,-292,-306,-309,-258,-408,-398,-515,-515]} 1. Nf3 Nf6 2. c4 e6 3. Nc3 d5 4. d4 Bb4 5. Qa4+ Nc6 6. e3 O-O 7. Qc2 {is now more promising than 7.Bd2. Played by Magnus Carlsen in July 2020. D38: Queen's Gambit Declined: Ragozin Defence (4 Nf3 Bb4).} Re8 8. Bd2 Bf8 9. Be2 {The position is equal.} Nb4 10. Qb1 c5 11. a3 Nc6 12. dxc5 Bxc5 {[#]} 13. b4 $146 ({Predecessor:} 13. O-O dxc4 14. Bxc4 b6 15. Ne4 Nxe4 16. Qxe4 Bb7 17. Bc3 Bf8 18. Rfd1 Qe7 19. Bd3 {½-½ (32) Postny,E (2652)-Gajewski,G (2643) Germany 2014}) 13... Bd6 14. O-O a6 15. Rd1 $1 Qe7 16. Be1 {[%cal Rc4d5]} dxc4 17. Bxc4 b5 18. Be2 Bb7 19. Ra2 Ne5 20. Nxe5 Bxe5 21. f4 (21. Rc2 $11) 21... Bc7 22. Bh4 Bb6 23. Qc1 Qc7 {And now ...Rac8 would win.} 24. Bxf6 gxf6 25. Kh1 Red8 (25... f5 {with more complications.} 26. Rc2 Rac8 27. Bd3 Qe7 28. Be2 Rcd8) 26. Rc2 Rxd1+ 27. Qxd1 ({Better is} 27. Nxd1 $15 Qe7 28. Bf3) 27... Qe7 (27... Rd8 $17 28. Qe1 Kf8) 28. Qe1 (28. Rd2 $11 {keeps the balance.} Qc7 29. Rd3) 28... f5 $36 {[%mdl 2048] Black has some pressure.} 29. Bf3 Bxf3 30. gxf3 Rd8 31. Rg2+ Kf8 {aiming for ...Rd3.} 32. Ne2 $2 ({But not} 32. Qg3 $2 Qf6 $19) (32. Rd2 $1 $15) 32... Qc7 $19 ({Much less strong is} 32... Bxe3 33. Qc3 $17) 33. Ng3 Qd6 (33... Qc6 $19 {has better winning chances.} 34. Rf2 Rd3) 34. Nf1 $2 {[#] This costs White the game.} (34. Re2 $17 {was called for.}) 34... Qd1 $1 {[%mdl 512]} 35. Qf2 {[#]} (35. Re2 {was the only chance.}) 35... Bxe3 $1 {[%mdl 576] Deflection} 36. Qxe3 {Strongly threatening Qc5+.} Qxf1+ 37. Rg1 Qd3 38. Qf2 (38. Qc5+ $142 Qd6 39. Qc1) 38... Rc8 39. h4 Rc3 {Accuracy: White = 61%, Black = 71%.} 0-1

[Event "77th LOTTO POL-ch 2020"]
[Site "Warsaw"]
[Date "2020.07.24"]
[Round "2.4"]
[White "Gajewski, Grzegorz"]
[Black "Dziuba, Marcin"]
[Result "1-0"]
[WhiteElo "2515"]
[BlackElo "2486"]
[Annotator "TA"]
[PlyCount "43"]
[EventDate "2020.07.21"]
[EventType "k.o."]
[EventCountry "POL"]
[SourceTitle "playchess.com"]
[Source "ChessBase"]
[SourceQuality "1"]

{[%evp 10,43,28,10,25,18,18,20,31,25,46,42,56,60,54,-2,-14,-24,0,0,62,56,62,64,71,76,152,118,471,471,473,462,779,761,1146,1107]} 1. e4 c5 2. Nf3 Nc6 3. Bb5 g6 4. Bxc6 dxc6 5. d3 Bg7 6. Nc3 Qc7 {B31: Sicilian: 2...Nc6 3 Bb5 g6.} 7. Be3 b6 8. h3 e5 {[#] The position is equal.} 9. a3 $146 ({Predecessor:} 9. O-O Nf6 10. Qd2 Nh5 11. Bh6 f6 12. Ne2 g5 13. Bxg7 Qxg7 14. Nh2 Nf4 15. Rfe1 Be6 16. Nf1 {0-1 (35) Quesada Perez,Y (2572)-Le,Q (2713) Philadelphia 2019}) 9... f5 10. exf5 gxf5 11. Qe2 Ne7 12. g4 ({White should try} 12. Bg5 $14) 12... fxg4 $11 13. Ng5 h5 14. O-O-O Ng6 (14... Nf5 $11) 15. Nce4 Qe7 16. Rdg1 Bd7 17. hxg4 h4 (17... hxg4 $142 18. Rxh8+ Bxh8) 18. Nf3 Bh6 $2 {[%mdl 8192] [#] This costs Black the game.} (18... O-O-O $16 {is a better chance.}) 19. Bxh6 $18 {White is clearly winning.} Rxh6 20. g5 Nf4 (20... Rh8 $142 21. Nf6+ Kf7) 21. Qe3 Nd5 22. gxh6 {Accuracy: White = 84%, Black = 44%.} 1-0

[Event "77th LOTTO POL-ch 2020"]
[Site "Warsaw"]
[Date "2020.07.24"]
[Round "2.4"]
[White "Sadzikowski, Daniel"]
[Black "Tomczak, Jacek"]
[Result "1-0"]
[WhiteElo "2374"]
[BlackElo "2563"]
[Annotator "TA"]
[PlyCount "91"]
[EventDate "2020.07.21"]
[EventType "k.o."]
[EventCountry "POL"]
[SourceTitle "playchess.com"]
[Source "ChessBase"]
[SourceQuality "1"]

{[%evp 9,91,20,30,21,45,28,74,64,74,32,24,37,72,51,66,68,140,33,210,43,35,19,55,58,79,71,90,86,89,38,65,46,68,36,33,0,94,20,4,0,57,19,14,0,16,0,52,35,95,91,89,86,197,66,172,162,238,47,211,0,202,0,32,0,11,-13,-16,-17,0,-22,173,-43,0,-124,-52,-37,705,711,878,586,29982,29983,29996,29997]} 1. e4 c5 2. Nf3 d6 3. Bb5+ Nd7 4. d4 a6 5. Bxd7+ Bxd7 6. dxc5 {B51: Sicilian: Moscow Variation (3 Bb5+) without 3...Bd7.} dxc5 7. O-O g6 {[#]} 8. Nc3 $146 {White is better.} ({Predecessor:} 8. Be3 Bc6 9. Qe2 Bxe4 10. Nc3 Bxf3 11. Qxf3 Nf6 12. Qxb7 Qc8 13. Qb3 Bg7 14. Qa4+ {1-0 (47) Karim,I (2405)-El Jawich,A (2139) Doha 2011}) 8... Bg7 9. Be3 Bxc3 10. bxc3 Qc7 11. e5 h5 12. Re1 Bc6 (12... Qc6 $14) 13. h4 (13. e6 $1 $16) 13... Qa5 $2 {[#]} (13... Kf8 $14) 14. c4 $2 (14. e6 $1 $18 {[%cal Re6f7][%mdl 512] Black must now prevent exf7+.} fxe6 15. Qd3 Bxf3 16. Qxg6+ (16. gxf3 Kf7 $14) 16... Kf8 17. gxf3) 14... Kf8 $14 15. Bg5 Kg7 16. Qd3 Rd8 17. Qe3 Qb4 18. Qf4 Re8 19. Rad1 (19. Nd2 $16) 19... Qc3 20. Re2 Qb2 21. Qe3 Qb4 22. Qf4 Qa4 (22... Qb2 $1 $11) 23. Red2 $40 {[%mdl 128] White is up to no good.} (23. e6 $1 $16 {[%csl Ge6][%cal Rf4f7]} f6 24. Ne5) 23... Qxa2 $11 24. Kh2 Qa5 (24... Qb2 $11) 25. Rd3 {[%mdl 1024] White has compensation.} (25. e6 $5 {[%cal Rf4f7]} f6 26. Ne5 $11) 25... Rh7 26. Ng1 Kh8 27. Ne2 Qc7 (27... f6 $11 28. exf6 Rf7) 28. Qg3 Nh6 ({Black should try} 28... f6 $14 29. Bf4 Qc8) 29. Bxh6 $1 $16 Rxh6 30. Nf4 Kg7 (30... Kg8 $16 {was necessary.}) 31. Qg5 (31. e6 $18 {aiming for Nxh5+!} Qe5 32. exf7 Kxf7 33. Re3) 31... b5 (31... Qc8 $14) 32. Rg3 $1 $18 Kh7 (32... Bd7 $142) 33. Nh3 $2 ({White has to play} 33. e6 $1 $18 {[%cal Re6f7]} f6 34. Qxc5 Qxf4 35. Qxc6 {[%mdl 64] Double Attack}) 33... Kg7 $2 (33... Bd7 $1 $14) 34. Nf4 Kh7 $1 35. Nh3 $2 (35. e6 $1 $18 {[%cal Re6f7]} f6 36. Qxc5 Qxf4 37. Qxc6 {[%mdl 64] Double Attack} Qxh4+ 38. Kg1 $1 {[%mdl 512]}) 35... Bd7 36. Nf4 {White wants to play Nd5.} Bf5 37. Re1 b4 38. Nd5 Qd7 39. Ra1 Be4 $2 (39... Qa7 $11) 40. Nf4 $2 (40. Rxa6 $18 {e6! is the strong threat.} Bxd5 41. cxd5 Qxd5 42. e6) 40... Qc6 ({Weaker is} 40... Bxc2 {[#]} 41. e6 $1 $18 {[%mdl 512]}) 41. Nh3 (41. Nd5 $1 $11) 41... Bf5 ({Better is} 41... Kg7 $17 42. Qd2 Rhh8) 42. Qf4 $15 {Strongly threatening Ng5+.} Kg7 $2 {[%mdl 8192]} (42... Be6 $15) 43. Qxf5 $1 $18 Rhh8 44. e6 Rhf8 45. Nf4 Kh7 {[#]} 46. Nxg6 $1 {[%mdl 64] Pin. Accuracy: White = 49%, Black = 39%.} 1-0